Statystyki dla Wykluczanie według kategorii - państwa Europy

Kliknij tutaj aby rozwiązać quiz!

Ogólne statystyki

  • Ten quiz został rozwiązany 8 432 razy
  • Średni wynik to 8 z 16

Statystyki odpowiedzi

Grupa#Kategoria% Poprawnych
Zielony30Państwa, które mają dostęp do morza
99%
Zielony17... które graniczą z przynajmniej 4 krajami
98%
Zielony6... których nazwa stolicy składa się z przynajmniej 7 liter
88%
Żółty30Państwa z ludnością nie przekraczającą 10 milionów
75%
Niebieski38Państwa zaczynające się na spółgłoskę
67%
Żółty21... które nie posiadają terytorium na Półwyspie Bałkańskim
64%
Niebieski15... które nie są częścią UE
64%
Różowy29Państwa, które były niezależne jeszcze zanim ZSRR upadło
59%
Różowy9... które leżą całościowo na wschód od Rzymu
47%
Żółty6... które są większe powierzchniowo od Czech
46%
Różowy5... których nazwa składa się z co najmniej 7 liter
32%
Niebieski5... którego największy szczyt ma wysokość poniżej 2000 metrów
30%
Zielony1... które nie graniczy z Niemcami lub SerbiąSlowenia
20%
Różowy1... którego stolica zaczyna się na literę SBułgaria
18%
Żółty1... które zaczyna się na literę w zakresie od K do UNorwegia
18%
Niebieski1... które zawiera literę DMołdawia
13%

Rozkład punktacji

Percentyl według liczby udzielonych odpowiedzi

Procent ludzi z każdym wynikiem

Twoja historia wyników

Nie rozwiązałeś tego quizu